| 000 | 01226nam a2200229Ia 4500 | ||
|---|---|---|---|
| 001 | L330-23908 | ||
| 003 | IT-CnALBA | ||
| 008 | 170116s9999||||xx |||||||||||||| ||und|| | ||
| 040 |
_aIT-CnALBA _cIT-CnALBA |
||
| 041 | _aITALIANO | ||
| 100 | _aMINORETTI CARLO DALMAZIO, CARDINALE | ||
| 245 | 0 | _aAPPUNTI DI ECONOMIA SOCIALE. VOL. I. | |
| 250 | _a1a ed. | ||
| 260 |
_aMILANO _bPALMA GIUS. LIBR. REL. EDIT. _c1902 [1° Ed.:1902 - Ed.Ling.Originale: 1902] |
||
| 300 | _a315 p. (prefazione: 3) | ||
| 500 | _aSCIENZA ED ECONOMIA SOCIALE E MORALE. PRODUZIONE DELLA RICCHEZZA. TEORIA DI CARLO MARX. LAVORO E CAPITALE. INDUSTRIE. AGRICOLTURA RICHIESTA DI CONSUMO CONCETTO CRISTIANO DEL LAVORO. LEGISLAZIONE DURATA LAVORO PER DONNE E FANCIULLI. INFORTUNI SUL LAVORO. I | ||
| 501 | _aSocietà San Paolo EM - Piazza San Paolo, 14 - 12051 ALBA (CN) (non commercial uses only) ® Copyright 2017 | ||
| 520 | _aSCIENZA ED ECONOMIA SOCIALE E MORALE. PRODUZIONE DELLA RICCHEZZA. TEORIA DI CARLO MARX. LAVORO E CAPITALE. INDUSTRIE. AGRICOLTURA RICHIESTA DI CONSUMO CONCETTO CRISTIANO DEL LAVORO. LEGISLAZIONE DURATA LAVORO PER DONNE E FANCIULLI. INFORTUNI SUL LAVORO. I | ||
| 650 | _aECONOMIA | ||
| 942 | _cBK | ||
| 957 | _71 | ||
| 999 |
_a28656 _bSI _g Copie: 1 _c283012 _d283012 |
||